INTERACTIONS: A THEMATIC READER (Record no. 216471)

MARC details
000 -LEADER
fixed length control field 00458nam a22001817a 4500
008 - FIXED-LENGTH DATA ELEMENTS--GENERAL INFORMATION
fixed length control field 260116b |||||||| |||| 00| 0 eng d
020 ## - INTERNATIONAL STANDARD BOOK NUMBER
International Standard Book Number 978-0-495-90829-6
050 ## - LIBRARY OF CONGRESS CALL NUMBER
Classification number PE 1417 .M67 2012
100 ## - MAIN ENTRY--PERSONAL NAME
Personal name MOSELEY, ANN
245 ## - TITLE STATEMENT
Title INTERACTIONS: A THEMATIC READER
250 ## - EDITION STATEMENT
Edition statement 8TH
260 ## - PUBLICATION, DISTRIBUTION, ETC.
Place of publication, distribution, etc. NEW YORK
Name of publisher, distributor, etc. WADSWORTH
300 ## - PHYSICAL DESCRIPTION
Extent XXXII,527P.
500 ## - GENERAL NOTE
General note INLUDES INDEX
700 ## - ADDED ENTRY--PERSONAL NAME
Personal name 1. HARRIS, JEANETTE
942 ## - ADDED ENTRY ELEMENTS (KOHA)
Source of classification or shelving scheme Library of Congress Classification
Koha item type Long Loan Book
Holdings
Withdrawn status Lost status Source of classification or shelving scheme Damaged status Not for loan Collection Home library Current library Shelving location Date acquired Inventory number Total checkouts Full call number Barcode Date last seen Copy number Price effective from Koha item type
    Library of Congress Classification     Arts & Social Sciences Kisii University Library Kisii University Library On Display 01/16/2026 85018   PE 1417 .M67 2012 000000020260 01/16/2026 C.1 01/16/2026 Long Loan Book